Loading...
ABCs of Excel 97
| Main Author: | |
|---|---|
| Format: | Printed Book |
| Published: |
New Delhi
BPB
1997
|
| Edition: | 2nd. |
| Subjects: |
| LEADER | 00488cam a2200169ua 4500 | ||
|---|---|---|---|
| 020 | |a 81-7029-806-7 | ||
| 082 | |a 005.368 4 E |b WEI/ A | ||
| 100 | 0 | |a Weisskopf, Gene | |
| 245 | 1 | 2 | |a ABCs of Excel 97 |
| 250 | |a 2nd. | ||
| 260 | |a New Delhi |b BPB |c 1997 | ||
| 300 | |a xxiii, 408p. | ||
| 500 | |a Includes index. | ||
| 650 | 0 | |a Computer science | |
| 942 | |c BK | ||
| 999 | |c 9262 |d 9262 | ||
| 952 | |0 0 |1 0 |4 0 |6 005_368000000000000_4_E_WEIA |7 0 |9 9659 |a KUCL |b KUCL |d 2014-05-23 |l 0 |o 005.368 4 E WEI/A |p 02596 |r 2014-05-23 |y BK | ||